Tapobhoomi Uthrakhand (Record no. 13636)
[ view plain ]
| 000 -LEADER | |
|---|---|
| fixed length control field | 00179nam a22000857a 4500 |
| 082 ## - DEWEY DECIMAL CLASSIFICATION NUMBER | |
| Classification number | 894.81286 |
| Item number | TAP/RA |
| 100 ## - MAIN ENTRY--AUTHOR NAME | |
| Personal name | Ramachandran,M.K |
| 245 ## - TITLE STATEMENT | |
| Title | Tapobhoomi Uthrakhand |
| 942 ## - ADDED ENTRY ELEMENTS (KOHA) | |
| Koha item type | Books |
| Withdrawn status | Lost status | Damaged status | Collection code | Home library | Current library | Shelving location | Date acquired | Full call number | Accession Number | Koha item type |
|---|---|---|---|---|---|---|---|---|---|---|
| Fiction | KAUAET | KAUAET | Fiction | 30/05/2012 | 894.81286 TAP/RA | 21547 | Books |
